00779nam a2200181 a 450000500170000000800410001702000180005805000240007610000230010024501050012326000540022830000170028252000920029965000360039165000280042799900190045595201230047420140412111341.0031016s19uu xx 00 eng d a0-590-70133-9 aTR(GS 510bS95 1998 aSchwartz, David M. aMagic of a million (The): activity book :b(Grades 2-5) /cby David M. Schwartz and David J. Whitin. aNew York :bScholastic Professional Books,c1998. a80 p. ; ill. aGreat hands-on Activities and reproducibles to explore a Million and other big numbers. aMathematics--Study and teaching aMathematics--Activities c105132d105132 00104050aELbELcTRd2003-10-16eLibFundg189.50l0oTR(GS 510 S95 1998pE9464r2014-04-12 00:00:00w2014-04-12yBK